00808nam a22002417a 450000500170000001000130001702000210003003500130005103700160006404000120008008200180009210000280011024500470013826000410018527000400022630000220026650000210028865000570030965000280036694200270039499900190042195201260044020170124110048.0 aB-024077 c00.00a086003545 aB-024077 bCen Lib/Ret aDPLbEN a658.1599bBUC aBuckley, Adrian9111806 aMultinational finance /cby Adrian Buckley aNew DelhibHeritage Publishersc1987 a4-C, Ansari RoadbNew Delhie110002 ax, 398p.c22cmHb) aIncludes index  aInternational business enterprises -- Finance924943 aForeign exchange910359 2ddccENh658.1599mBUC c128956d128956 00104070aLbLd2015-07-04eCen Lib/Ret g0.00l0o658.1599 BUCpB-024077r2015-07-04 00:00:00t1v0.00w2016-09-15yEN